Program protipovodňovej ochrany na Slovensku do roku 2010

Základy programu protipovodňovej ochrany. Škody vyvolané povodňami. Opatrenia programu v oblasti vodného hospodárstva, poľnohospodárstva, lesného hospodárstva, v oblasti vlastnej starostlivosti. Ciele programu. Kategórie opatrení: krátkodobé, strednodobé, dlhodobé. Realizácia, financovanie a prevero...

Full description

Saved in:
Bibliographic Details
Main Author: Abaffy, Dušan
Other Authors: Kadubec, Ján
Format: Book Chapter
Language:Slovak
Subjects:
Tags: Add Tag
No Tags, Be the first to tag this record!

MARC

LEADER 00000naa a2200000 4500
001 r037993
005 20230925115323.1
041 0 |a slo 
044 |a SK 
245 1 0 |a Program protipovodňovej ochrany na Slovensku do roku 2010  |c Dušan Abaffy, Ján Kadubec 
520 |a Základy programu protipovodňovej ochrany. Škody vyvolané povodňami. Opatrenia programu v oblasti vodného hospodárstva, poľnohospodárstva, lesného hospodárstva, v oblasti vlastnej starostlivosti. Ciele programu. Kategórie opatrení: krátkodobé, strednodobé, dlhodobé. Realizácia, financovanie a preverovanie programu. 
610 2 0 |a povodne 
610 2 0 |a Slovensko 
610 2 0 |a škody 
610 2 0 |a opatrenia 
610 2 0 |a vodohospodárstvo 
610 2 0 |a poľnohospodárstvo 
610 2 0 |a hospodárstvo lesné 
610 2 0 |a financovanie 
610 2 0 |a 2010 
100 1 |a Abaffy, Dušan 
700 1 |a Kadubec, Ján